000 00627nam a2200229Ia 4500
003 OSt
005 20220923221701.0
006 a|||||r|||| 00| 0
007 ta
008 220922b |||||||| |||| 00| 0 hin d
024 _a199,298
037 _cTextual
040 _aARTS
_cARTS
_bhin
041 _2hin
_ahin
082 _aQ, 152G0.3
100 _aविमल
245 0 _aविमल विलास भाग 3 ज्ञान विज्ञान
246 _aVimal vilās bhāg 3 jnyān vijnyāna
260 _c1973
942 _hQ, 152G0.3
_cTEXL
_2CC
999 _c351073
_d351073